| 000 | 00514cam a2200205ua 4500 | ||
|---|---|---|---|
| 020 | _c7.00 | ||
| 041 |
_aeng _h |
||
| 082 |
_a542.4 _bBOR/OP |
||
| 100 | _aBornatsky, I . | ||
| 245 |
_aOpen hearth practice: a hand book / _cI Bornatsky. _hTextual Documents |
||
| 250 |
_a1 / _b. |
||
| 260 |
_aMoscow : _bForeign Language Publishing House , _c1961. |
||
| 300 | _a337 ; . | ||
| 365 | _a7.00 | ||
| 504 | _a | ||
| 700 | 1 | _aKotrovsky, M . | |
| 700 | 1 | _aYargin, Y . | |
| 942 | _cBK | ||
| 999 |
_c9141 _d9141 |
||